000 00699nam a2200193 i 4500
001 23721
003 ES-MaACL
005 20230906152925.0
007 t|
008 021212s1956 sp ||||1| spa d
100 1 _aAndersen, A. J. C.
_921432
245 1 0 _aRefinación de aceites y grasas para usos alimenticios /
_cA.J.C. Andersen ; traducción directa de la primera edición inglesa por C. Avila Montesó ; revisada por Fernando Blasi.
260 _aBarcelona :
_bJosé Montesó,
_c1956 (
_fClarasó)
300 _a365 p. :
_bil. ;
_c22 cm.
650 0 4 _aAceites y grasas.
_99582
700 1 _aAvila Montesó, Carlos.
_924056
700 1 _aBlasi, Fernando.
_929408
852 _aES-MaACL
_jC-14598
999 _c23721
_d23721